000 00311nam a2200121Ia 4500
005 20260328104258.0
008 260328s9999||||xx |||||||||||||| ||und||
100 _aPålsson, Karsten
245 0 _aHuman Urban Renewal /
_cKarsten Pålsson
260 _bPålsson Arkitekter
650 _aARQUITECTOS
942 _cBK
999 _c10491
_d10491